All Doors Entities - Statistics

General Stats
  • This quiz has been taken 77 times
    61 since last reset
  • The average score is 31 of 46
Answer Stats
Chapter Type of Kill Answer % Correct
Hotel, Mines Insta Kill Figure
97%
Hotel, Mines Insta Kill Rush
97%
Hotel, Mines Insta Kill or Hurts Seek
97%
Hotel, Mines Hurts but Can’t Kill Timothy
94%
Hotel, Mines Insta Kill Ambush
91%
Hotel, Mines Hurts Hide
91%
Rooms Hurts A-90
85%
Hotel, Mines Hurts Eyes
85%
Mines Hurts Giggle
85%
Rooms Insta Kill A-60
82%
Mines Insta Kill Grumble
82%
Hotel, Mines Doesn’t Hurt Jeff
82%
Mines Unknown Queen Grumble
82%
Hotel Hurts but Can’t Kill Sally
79%
Hotel, Mines Hurts Screech
79%
Rooms Insta Kill A-120
76%
Backdoors Insta Kill Blitz
76%
Hotel, Mines Doesn’t Hurt El Goblino
76%
Hotel, Mines Hurts Halt
76%
Hotel, Mines Doesn’t Hurt Jack
76%
Hotel, Mines Doesn’t Hurt Bob
73%
Hotel, Mines Doesn’t Hurt Guiding Light
73%
Backdoors Insta Kill Haste
73%
Backdoors Hurts Lookman
70%
Hotel, Mines,Rooms, Outdoors, Backdoors Doesn’t Hurt Curious Light
67%
Hotel, Mines, Backdoors, Rooms, Outdoors Doesn’t Hurt Glitch
67%
Mines Hurts Gloombats
67%
Hotel, Mines Doesn’t Hurt Shadow
64%
Hotel, Mines Hurts Dupe
61%
Outdoors Insta Kill The Groundskeeper
61%
Backdoors Insta Kill Vacuum
61%
Hotel, Mines Hurts Void
61%
Outdoors Insta Kill Eyestalk
58%
Hotel, Mines, Outdoors Hurts but Can’t Kill Snare
58%
Hotel, Mines Insta Kill Dread
55%
Outdoors Insta Kill Surge
55%
Outdoors Insta Kill Bramble
52%
Mines Doesn’t Hurt Louie
52%
Outdoors Doesn’t Hurt Mandrake
48%
Outdoors Doesn’t Hurt Grampy
45%
Outdoors Insta Kill Monument
45%
Outdoors Doesn’t Hurt World Lotus
33%
Outdoors Doesn’t Hurt Caws
30%
Hotel, Rooms, Backdoors, Mines Doesn’t Hurt RNIUSHCg==
15%
Hotel, Rooms, Backdoors, Mines Doesn’t Hurt SCJVEREECH
15%
Hotel, Rooms, Backdoors, Mines Doesn’t Hurt AR0xMBUSH
12%
No matching quizzes found
Score Distribution
Percent of People with Each Score
Percentile by Number Answered
Your Score History
You have not taken this quiz since the last reset